Представление документа в формате MARC21

Поле Инд. ПП Название Значение
Тип записи a
Библиографический уровень m
001 Контрольный номер RU/IS/BASE/402151591
005 Дата корректировки 20230215120841.0
040 b Код языка каталог. rus
041 0_ a Код языка текста rus
080 a Индекс УДК 004.42
084 a Индекс другой классификации/Индекс ББК 32.973 26-018.2
090 a Полочн. индекс 681.3
x Авторский знак Х73
097 b Оператор 11
100 1_ a Автор Холстед М. Х.
245 10 a Заглавие Начала науки о программах
c Ответственность пер. с англ. В. М. Юфы
260 a Место издания М.
b Издательство Финансы и статистика
c Дата издания 1981
300 a Объем 128 с.
b Иллюстрации/ тип воспроизводства граф.
510 0_ a Примечание о ссылках Книги и методические пособия
650 04 a Основная рубрика 50.41 Программное обеспечение вычислительных машин, комплексов и сетей
x Основная подрубрика 50.41.17 Системное программное обеспечение
653 0_ a Ключевые слова вычислительные сети; цифровые вычислительные машины; программы (выч. техника)
901 t Тип документа m